Entrepreneurship (Record no. 47243)

MARC details
000 -LEADER
fixed length control field 00789nam a22001817a 4500
005 - DATE AND TIME OF LATEST TRANSACTION
control field 20260209113519.0
008 - FIXED-LENGTH DATA ELEMENTS--GENERAL INFORMATION
fixed length control field 260209b |||||||| |||| 00| 0 eng d
020 ## - INTERNATIONAL STANDARD BOOK NUMBER
International Standard Book Number 9789355735676
040 ## - CATALOGING SOURCE
Transcribing agency VITAP
082 ## - DEWEY DECIMAL CLASSIFICATION NUMBER
Edition number 23rd Ed.
Classification number 658.421 BAT
100 ## - MAIN ENTRY--PERSONAL NAME
Personal name Batra, Safal
9 (RLIN) 17005
245 ## - TITLE STATEMENT
Title Entrepreneurship
Remainder of title : New Venture Management
Statement of responsibility, etc. / Safal Batra
250 ## - EDITION STATEMENT
Edition statement 2nd Ed.
260 ## - PUBLICATION, DISTRIBUTION, ETC.
Place of publication, distribution, etc. New Delhi
Name of publisher, distributor, etc. Cengage Learning India Pvt. Ltd.
Date of publication, distribution, etc. 2025
300 ## - PHYSICAL DESCRIPTION
Extent xi, 164, (A-1 to A-13), (S-1 to S-40), (E-1 to E-30), L-1, (I-1 to I-4)p. : ill. ; 24cm
650 #0 - SUBJECT ADDED ENTRY--TOPICAL TERM
Topical term or geographic name entry element Entrepreneurship; New business enterprises; Small business - Management; Business planning; Innovation management; Entrepreneurs; Venture capital; Strategic management; Business enterprises - Management
9 (RLIN) 17006
942 ## - ADDED ENTRY ELEMENTS (KOHA)
Source of classification or shelving scheme Dewey Decimal Classification
Koha item type Text Book
Holdings
Withdrawn status Lost status Source of classification or shelving scheme Materials specified (bound volume or other part) Damaged status Not for loan Collection code Home library Current library Shelving location Date acquired Source of acquisition Cost, normal purchase price Inventory number Total Checkouts Full call number Barcode Date last seen Cost, replacement price Price effective from Koha item type Public note Date last checked out
    Dewey Decimal Classification Paper Back     Reference School of Business & General Section VIT-AP Reference 2026-01-31 Syamala Book Links, Visakhapatnam 595.00 SBL151   658.421 BAT 025403 2026-02-09 595.00 2026-01-31 Reference Book MGT  
    Dewey Decimal Classification Paper Back       School of Business & General Section VIT-AP General Stacks 2026-01-31 Syamala Book Links, Visakhapatnam 595.00 SBL151 1 658.421 BAT 025404 2026-03-26 595.00 2026-01-31 Text Book MGT 2026-03-17
    Dewey Decimal Classification Paper Back       School of Business & General Section VIT-AP General Stacks 2026-01-31 Syamala Book Links, Visakhapatnam 595.00 SBL151 1 658.421 BAT 025405 2026-05-14 595.00 2026-01-31 Text Book MGT 2026-04-09

Visitor Number: